[Event "Le Port Marly Paribas blitz op"]
[Site "Le Port Marly"]
[Date "2014.??.??"]
[Round "13"]
[White "Delaunay, Sebastien"]
[Black "Fedoryshyn, Ievgenii"]
[Result "1/2-1/2"]
[WhiteElo "2362"]
[BlackElo "2180"]
[PlyCount "75"]
[EventDate "2014.06.14"]
[EventType "swiss (blitz)"]
[EventRounds "15"]
[EventCountry "FRA"]
[SourceTitle "EXT 2015"]
[Source "ChessBase"]
[SourceDate "2014.11.20"]
[SourceVersion "1"]
[SourceVersionDate "2014.11.20"]
[SourceQuality "1"]

1. Nf3 Nf6 2. g3 g6 3. Bg2 Bg7 4. 0-0 0-0 5. d4 d5 6. c4 c6 7. b3 Ne4 8. Bb2 Nd7 9. cxd5 cxd5 10. Nc3 Ndf6 11. Rc1 Bd7 12. Ne5 Nxc3 13. Bxc3 Rc8 14. Qd3 a6 15. Nxd7 Qxd7 16. Bb4 Rfe8 17. e3 e6 18. Bf3 Rc6 19. Qb1 Rec8 20. Ba3 Ne8 21. Rxc6 Rxc6 22. Rc1 Nd6 23. Rxc6 Qxc6 24. Qc1 Qxc1+ 25. Bxc1 Ne4 26. Bb2 Bf8 27. Be2 Bb4 28. f3 Nc3 29. Bxc3 Bxc3 30. Kf2 Kf8 31. Bd1 Ke7 32. Ke2 Kd6 33. Kd3 Bb4 34. g4 g5 35. h3 e5 36. Bc2 h6 37. Bd1 exd4 38. exd4 1/2-1/2

[Event "Le Port Marly Paribas blitz op"]
[Site "Le Port Marly"]
[Date "2014.??.??"]
[Round "2"]
[White "Delaunay, Sebastien"]
[Black "Menetrier, Manuel"]
[Result "1-0"]
[WhiteElo "2362"]
[BlackElo "1826"]
[PlyCount "21"]
[EventDate "2014.06.14"]
[EventType "swiss (blitz)"]
[EventRounds "15"]
[EventCountry "FRA"]
[SourceTitle "EXT 2015"]
[Source "ChessBase"]
[SourceDate "2014.11.20"]
[SourceVersion "1"]
[SourceVersionDate "2014.11.20"]
[SourceQuality "1"]

1. Nf3 d6 2. d4 Bg4 3. Nbd2 Nd7 4. h3 Bh5 5. c3 e5 6. e4 c5 7. dxe5 Nxe5 8. g4 Bg6 9. Nxe5 dxe5 10. Qa4+ Qd7 11. Bb5 1-0

[Event "Le Port Marly Paribas blitz op"]
[Site "Le Port Marly"]
[Date "2014.??.??"]
[Round "7"]
[White "Delaunay, Sebastien"]
[Black "Partac, Elena"]
[Result "1-0"]
[WhiteElo "2362"]
[BlackElo "2079"]
[PlyCount "54"]
[EventDate "2014.06.14"]
[EventType "swiss (blitz)"]
[EventRounds "15"]
[EventCountry "FRA"]
[SourceTitle "EXT 2015"]
[Source "ChessBase"]
[SourceDate "2014.11.20"]
[SourceVersion "1"]
[SourceVersionDate "2014.11.20"]
[SourceQuality "1"]

1. Nf3 c5 2. g3 Nc6 3. c4 g6 4. Bg2 Bg7 5. 0-0 Nf6 6. d4 cxd4 7. Nxd4 0-0 8. Nc3 Ne5 9. b3 d6 10. Bb2 Rb8 11. h3 Bd7 12. Qd2 Nc6 13. Nc2 a6 14. Nd5 Ne4 15. Qc1 Bxb2 16. Qxb2 Ng5 17. h4 Ne6 18. Rfd1 b5 19. cxb5 Rxb5 20. Nce3 Ne5 21. Rac1 h5 22. f4 Nc6 23. f5 Ned4 24. Rxd4 Nxd4 25. Qxd4 Kh7 26. Be4 e5 27. Qd3 Qc8 1-0

[Event "FRA-chT1 1011"]
[Site "France"]
[Date "2010.11.13"]
[Round "2.2"]
[White "Kazakov, Mikhail"]
[Black "Delaunay, Sebastien"]
[Result "1-0"]
[WhiteElo "2443"]
[BlackElo "2358"]
[PlyCount "57"]
[EventDate "2010.10.17"]
[EventType "team-tourn"]
[EventRounds "11"]
[EventCountry "FRA"]
[SourceTitle "EXT 2012"]
[Source "ChessBase"]
[SourceDate "2011.11.24"]
[SourceVersion "1"]
[SourceVersionDate "2011.11.24"]
[SourceQuality "1"]

1. e4 c6 2. d4 d5 3. exd5 cxd5 4. c4 Nf6 5. Nc3 Nc6 6. Bg5 dxc4 7. d5 Ne5 8. Qd4 h6 9. Bf4 Ng6 10. Bxc4 Nxf4 11. Qxf4 g5 12. Qd2 Bd7 13. Nf3 Bg7 14. 0-0 Rc8 15. Bb3 0-0 16. Rfe1 a6 17. h4 gxh4 18. Nxh4 Ng4 19. Qf4 Qc7 20. d6 Qxd6 21. Qxd6 exd6 22. Ng6 Rxc3 23. bxc3 Bxc3 24. Re7 Be6 25. Bxe6 fxe6 26. Rc1 Rc8 27. Rxe6 Kf7 28. Rxd6 Nxf2 29. Rf1 1-0

[Event "Arco op 32nd"]
[Site "Arco"]
[Date "2010.10.23"]
[Round "8"]
[White "Delaunay, Sebastien"]
[Black "Bove, Alessandro"]
[Result "1/2-1/2"]
[WhiteElo "2348"]
[BlackElo "2397"]
[PlyCount "135"]
[EventDate "2010.10.16"]
[EventType "swiss"]
[EventRounds "9"]
[EventCountry "ITA"]
[SourceTitle "CBM 138 Extra"]
[Source "ChessBase"]
[SourceDate "2010.10.29"]
[SourceVersion "1"]
[SourceVersionDate "2010.10.29"]
[SourceQuality "1"]

1. d4 Nf6 2. c4 e6 3. Nc3 Bb4 4. e3 c5 5. Nge2 cxd4 6. exd4 d5 7. a3 Be7 8. Nf4 0-0 9. cxd5 Nxd5 10. Nfxd5 exd5 11. Be2 Nc6 12. 0-0 Bf6 13. Be3 Be6 14. b4 Ne7 15. Bd3 Rc8 16. Qb3 Qd7 17. Rfd1 Rfd8 18. Rac1 Bf5 19. Bf1 Bg4 20. f3 Be6 21. Bd3 Nf5 22. Bxf5 Bxf5 23. Ne2 Be6 24. b5 Rxc1 25. Rxc1 Rc8 26. Rxc8+ Qxc8 27. Qc3 Qc4 28. Qxc4 dxc4 29. Nc3 Bf5 30. Kf2 Be7 31. Bc1 Kf8 32. Nd5 Bd7 33. Nc3 Bd8 34. a4 Ba5 35. Ba3+ Kg8 36. Ne4 Be6 37. Nc5 Bd5 38. Ke3 Bc7 39. h3 Bd6 40. Bb2 f5 41. g4 b6 42. Na6 f4+ 43. Kf2 Kf7 44. Bc3 Ke6 45. Ke2 g6 46. Kf2 Bb7 47. Nb4 Bxb4 48. Bxb4 Kd5 49. Bc3 a6 50. bxa6 Bxa6 51. g5 Bc8 52. h4 Bd7 53. a5 bxa5 54. Bxa5 Kxd4 55. Ke2 c3 56. Kd1 Kd3 57. Kc1 Ba4 58. Bb4 Bb3 59. Ba5 Ba4 60. Bb4 Ke2 61. Bxc3 Kxf3 62. Kd2 Kg4 63. Be5 f3 64. Ke3 Bc6 65. Kf2 Kxh4 66. Bf4 Kg4 67. Bd2 Kf5 68. Bc1 1/2-1/2

[Event "Arco op 32nd"]
[Site "Arco"]
[Date "2010.10.17"]
[Round "2"]
[White "Delaunay, Sebastien"]
[Black "Virzi, Ettore"]
[Result "1-0"]
[WhiteElo "2348"]
[BlackElo "2002"]
[PlyCount "83"]
[EventDate "2010.10.16"]
[EventType "swiss"]
[EventRounds "9"]
[EventCountry "ITA"]
[SourceTitle "CBM 138 Extra"]
[Source "ChessBase"]
[SourceDate "2010.10.29"]
[SourceVersion "1"]
[SourceVersionDate "2010.10.29"]
[SourceQuality "1"]

1. d4 Nf6 2. c4 g6 3. Nc3 Bg7 4. e4 d6 5. f3 0-0 6. Bg5 c5 7. d5 a6 8. a4 e6 9. Qd2 exd5 10. cxd5 Qa5 11. Ra3 Re8 12. Nge2 Nbd7 13. Ng3 Qb4 14. Be2 Ne5 15. Qc2 Qd4 16. Nd1 Qb4+ 17. Bd2 Qb6 18. a5 Qd8 19. 0-0 h5 20. Bg5 b5 21. Qc1 Qc7 22. h3 b4 23. Ra1 Nh7 24. Bd2 Qe7 25. Ne3 h4 26. Nh1 g5 27. Nf2 Ng6 28. Nc4 Bd4 29. Kh1 Ne5 30. Be3 Bxe3 31. Qxe3 Ng6 32. Nd3 f6 33. Rac1 Bb7 34. Rfe1 Bxd5 35. Nb6 Bc6 36. Nxa8 Bxa8 37. Nf2 Bb7 38. Ng4 Kg7 39. Bc4 Qc7 40. Qd2 Nhf8 41. Rcd1 Rd8 42. e5 1-0

[Event "FRA-chT2 0910"]
[Site "France"]
[Date "2010.01.24"]
[Round "7.1"]
[White "Delaunay, Sebastien"]
[Black "Bouget, Alexandre"]
[Result "1-0"]
[WhiteElo "2342"]
[BlackElo "2165"]
[PlyCount "77"]
[EventDate "2009.09.27"]
[EventType "team-tourn"]
[EventRounds "11"]
[EventCountry "FRA"]
[SourceTitle "EXT 2011"]
[Source "ChessBase"]
[SourceDate "2010.11.26"]
[SourceVersion "1"]
[SourceVersionDate "2010.11.26"]
[SourceQuality "1"]

1. d4 Nf6 2. c4 g6 3. Nc3 d5 4. cxd5 Nxd5 5. Bd2 Bg7 6. e4 Nxc3 7. Bxc3 c5 8. Ne2 0-0 9. d5 b5 10. Bxg7 Kxg7 11. a4 b4 12. Rc1 Qd6 13. Qd2 Nd7 14. Ng3 Bb7 15. Bb5 Rfd8 16. 0-0 e6 17. Bxd7 Rxd7 18. Qg5 h6 19. Qg4 Qe5 20. Rxc5 h5 21. Qh3 h4 22. Qxh4 exd5 23. Qg4 Rad8 24. b3 Kf8 25. exd5 Rxd5 26. Rxd5 Qxd5 27. Qxb4+ Kg8 28. f3 a5 29. Qc3 Rc8 30. Qe3 Rc2 31. Re1 Bc6 32. Ne2 Rd2 33. Nf4 Qd7 34. h4 Rb2 35. h5 g5 36. Qe5 Qa7+ 37. Kh2 Qf2 38. Qxg5+ Kh7 39. Re7 1-0

[Event "FRA-chT1B 0809"]
[Site "France"]
[Date "2008.11.23"]
[Round "3.1"]
[White "Delaunay, Sebastien"]
[Black "Gharamian, Tigran"]
[Result "0-1"]
[WhiteElo "2370"]
[BlackElo "2581"]
[PlyCount "146"]
[EventDate "2008.10.19"]
[EventType "team-tourn"]
[EventRounds "11"]
[EventCountry "FRA"]
[SourceTitle "EXT 2010"]
[Source "ChessBase"]
[SourceDate "2010.11.25"]
[SourceVersion "1"]
[SourceVersionDate "2010.11.25"]
[SourceQuality "1"]
[WhiteTeam "Nantes"]
[BlackTeam "Cappelle la Grande"]
[WhiteTeamCountry "FRA"]
[BlackTeamCountry "FRA"]

1. e4 c5 2. c3 Nf6 3. e5 Nd5 4. d4 cxd4 5. Nf3 e6 6. cxd4 d6 7. exd6 Bxd6 8. Bd3 Nd7 9. 0-0 Nb4 10. Be2 0-0 11. Nc3 Nf6 12. a3 Nbd5 13. Nxd5 Nxd5 14. Bd3 Be7 15. Qe2 Bd7 16. Ne5 Rc8 17. Qe4 g6 18. Bh6 Re8 19. Rac1 Rxc1 20. Bxc1 Bc6 21. Qf3 Bf6 22. Be4 Qd6 23. Ng4 Bg7 24. Bxd5 Qxd5 25. Nh6+ Bxh6 26. Qxd5 exd5 27. Bxh6 Re2 28. b4 f6 29. Be3 Ra2 30. Bc1 g5 31. Re1 Kf7 32. g4 Bd7 33. h3 h5 34. f3 hxg4 35. hxg4 Bb5 36. f4 gxf4 37. Bxf4 Rxa3 38. Bd6 Kg6 39. Re7 b6 40. Kf2 Bd3 41. Re6 Be4 42. Re8 Bc2 43. Rf8 Bd1 44. Be7 Rf3+ 45. Ke1 Ba4 46. Kd2 Bb5 47. Kc2 Bc4 48. Ra8 Rd3 49. Rf8 Rf3 50. Ra8 a6 51. Bd8 Kg5 52. Bxb6 Kxg4 53. Rf8 Kg3 54. Bd8 f5 55. Bc7+ Kf2 56. Kd2 Kf1 57. Be5 Kf2 58. Rf6 Bd3 59. Rd6 Be4 60. Rxa6 Rd3+ 61. Kc1 Rb3 62. Kd2 Rd3+ 63. Kc1 Rb3 64. Kd2 Rxb4 65. Ra3 Rb2+ 66. Kc3 Rc2+ 67. Kb4 Rc8 68. Kb5 Ke2 69. Kb6 Bd3 70. Ra2+ Ke3 71. Ra5 Ke4 72. Kb7 Rf8 73. Kc6 Bc4 0-1

[Event "FRA-chT1B 0809"]
[Site "France"]
[Date "2008.11.22"]
[Round "2.1"]
[White "Delaunay, Sebastien"]
[Black "Renet, Olivier"]
[Result "0-1"]
[WhiteElo "2370"]
[BlackElo "2523"]
[PlyCount "74"]
[EventDate "2008.10.19"]
[EventType "team-tourn"]
[EventRounds "11"]
[EventCountry "FRA"]
[SourceTitle "EXT 2010"]
[Source "ChessBase"]
[SourceDate "2010.11.25"]
[SourceVersion "1"]
[SourceVersionDate "2010.11.25"]
[SourceQuality "1"]
[WhiteTeam "Nantes"]
[BlackTeam "Rueil Malmaison"]
[WhiteTeamCountry "FRA"]
[BlackTeamCountry "FRA"]

1. Nf3 Nf6 2. d4 g6 3. c4 Bg7 4. Nc3 d5 5. cxd5 Nxd5 6. e4 Nxc3 7. bxc3 c5 8. Rb1 0-0 9. Be2 b6 10. Be3 Bb7 11. Qd3 e6 12. 0-0 Qc7 13. Bg5 Nd7 14. Qe3 Rac8 15. Rfd1 Rfe8 16. Bb5 Bc6 17. Qd3 h6 18. Bh4 cxd4 19. cxd4 Bxb5 20. Qxb5 Qc6 21. a4 a6 22. Qxa6 Qxe4 23. Qb5 Qc6 24. Qxc6 Rxc6 25. d5 exd5 26. Rxd5 Nc5 27. Nd4 Rcc8 28. Nb5 Nxa4 29. h3 Rc5 30. Rd7 Rec8 31. Bg3 R5c6 32. Ra7 Nc5 33. Nd6 Rf8 34. Re1 Ne6 35. Rd7 h5 36. Be5 Bxe5 37. Rxe5 Nc5 0-1

[Event "FRA-chT1B 0809"]
[Site "France"]
[Date "2008.10.19"]
[Round "1.1"]
[White "Pham, Minh Hoang"]
[Black "Delaunay, Sebastien"]
[Result "1-0"]
[WhiteElo "2489"]
[BlackElo "2370"]
[PlyCount "129"]
[EventDate "2008.10.19"]
[EventType "team-tourn"]
[EventRounds "11"]
[EventCountry "FRA"]
[SourceTitle "EXT 2010"]
[Source "ChessBase"]
[SourceDate "2010.11.25"]
[SourceVersion "1"]
[SourceVersionDate "2010.11.25"]
[SourceQuality "1"]
[WhiteTeam "Sautron"]
[BlackTeam "Nantes"]
[WhiteTeamCountry "FRA"]
[BlackTeamCountry "FRA"]

1. d4 d5 2. c4 e6 3. Nc3 Be7 4. Nf3 Nf6 5. g3 0-0 6. Bg2 dxc4 7. Ne5 Nc6 8. Bxc6 bxc6 9. Nxc6 Qd6 10. Qa4 Bb7 11. Nxe7+ Qxe7 12. f3 c5 13. Qxc4 cxd4 14. Qxd4 e5 15. Qh4 Qe6 16. e4 Nd7 17. Be3 f5 18. 0-0 Nb6 19. b3 Rac8 20. Rac1 h6 21. Qh3 Qg6 22. Qg2 fxe4 23. Nxe4 Rxc1 24. Rxc1 Ba8 25. Bc5 Rc8 26. Qe2 Nd7 27. b4 Nf6 28. Nd6 Rd8 29. Qxe5 Bxf3 30. Rf1 Ba8 31. Qf5 Qxf5 32. Rxf5 a6 33. Re5 Bd5 34. a4 Bb3 35. a5 Ba4 36. Re7 Ne8 37. Ne4 Bc6 38. Kf2 Rd5 39. Re6 Rf5+ 40. Ke3 Bb5 41. Nc3 Nc7 42. Rd6 Bf1 43. Ke4 Rf7 44. Rd8+ Kh7 45. Ke5 Kg6 46. Rf8 Bd3 47. Rxf7 Kxf7 48. Bb6 Nb5 49. Na4 Bf1 50. Nc5 Nc3 51. Ne6 Nb5 52. Be3 g5 53. h4 gxh4 54. gxh4 Kg6 55. Nf4+ Kg7 56. Kf5 Nd6+ 57. Ke6 Nb5 58. Ke7 Kh7 59. Kf6 Nc3 60. Bd4 Ne2 61. Ne6 Ng3 62. Nc7 Bd3 63. b5 axb5 64. a6 Bc4 65. Ke5 1-0

[Event "FRA-chT1A 0607"]
[Site "France"]
[Date "2007.02.11"]
[Round "8.4"]
[White "Delaunay, Sebastien"]
[Black "Platel, Alexandre"]
[Result "1-0"]
[WhiteElo "2344"]
[BlackElo "2161"]
[PlyCount "77"]
[EventDate "2006.10.15"]
[EventType "team-tourn"]
[EventRounds "11"]
[EventCountry "FRA"]
[SourceTitle "EXT 2008"]
[Source "ChessBase"]
[SourceDate "2007.11.25"]
[SourceVersion "1"]
[SourceVersionDate "2007.11.25"]
[SourceQuality "1"]
[WhiteTeam "Nantes"]
[BlackTeam "Cappelle la Grande"]
[WhiteTeamCountry "FRA"]
[BlackTeamCountry "FRA"]

1. Nf3 c5 2. b3 Nf6 3. Bb2 Nc6 4. e3 d5 5. Bb5 Bd7 6. 0-0 e6 7. d3 b6 8. Nbd2 a6 9. Bxc6 Bxc6 10. Ne5 Bb7 11. f4 Bd6 12. Rf3 Qc7 13. Rg3 Rg8 14. Qe2 0-0-0 15. d4 Kb8 16. Rc1 Ne8 17. c4 f6 18. dxc5 bxc5 19. Nd3 e5 20. cxd5 exf4 21. exf4 Bxd5 22. Qf2 Rc8 23. Nc4 Be7 24. b4 Be4 25. Nxc5 Bb7 26. Na5 Bxc5 27. Rxc5 Qd7 28. Nxb7 Kxb7 29. Rxc8 Kxc8 30. Bd4 Kb7 31. b5 axb5 32. Ra3 Qc6 33. Ra7+ Kb8 34. h3 Nd6 35. Kh2 Nb7 36. a4 bxa4 37. Qa2 Rd8 38. Rxa4 Qd6 39. Ba7+ 1-0

[Event "Gorges op 17th"]
[Site "Gorges"]
[Date "2007.??.??"]
[Round "1"]
[White "Delaunay, Sebastien"]
[Black "Daniel, Jean Claude"]
[Result "1-0"]
[WhiteElo "2347"]
[BlackElo "1964"]
[PlyCount "89"]
[EventDate "2007.07.08"]
[EventType "swiss"]
[EventRounds "7"]
[EventCountry "FRA"]
[SourceTitle "CBM 119 Extra"]
[Source "ChessBase"]
[SourceDate "2007.09.04"]
[SourceVersion "1"]
[SourceVersionDate "2007.09.04"]
[SourceQuality "1"]

1. b3 Nf6 2. Bb2 d5 3. e3 Bf5 4. f4 e6 5. Nf3 Nbd7 6. Be2 Be7 7. 0-0 h6 8. d3 0-0 9. Qe1 Ng4 10. Qg3 Bf6 11. Nd4 c5 12. Bxg4 Bxg4 13. Qxg4 cxd4 14. exd4 b5 15. Nd2 Rc8 16. Rfc1 Qb6 17. Nf3 Rc7 18. c3 Rfc8 19. Qg3 a5 20. Qf2 b4 21. c4 Qa6 22. Rd1 a4 23. Ne1 a3 24. Bc1 dxc4 25. dxc4 Nc5 26. Nc2 Ne4 27. Qe1 Qb7 28. Bd2 Nxd2 29. Rxd2 Rd7 30. Rad1 Rcd8 31. Rd3 Rb8 32. Qe3 Rbd8 33. Kf1 Qb6 34. Qe4 Rc7 35. Qe1 Rb7 36. Qf2 Rbd7 37. d5 Qb7 38. Qf3 exd5 39. Rxd5 Rxd5 40. Rxd5 Rxd5 41. Qxd5 Qxd5 42. cxd5 Bc3 43. Ke2 Kf8 44. Kd3 Ke7 45. Nxa3 1-0

[Event "FRA-chT1A 0607"]
[Site "France"]
[Date "2006.11.25"]
[Round "2.3"]
[White "Vuilleumier, Alexandre"]
[Black "Delaunay, Sebastien"]
[Result "1/2-1/2"]
[WhiteElo "2343"]
[BlackElo "2346"]
[PlyCount "77"]
[EventDate "2006.10.15"]
[EventType "team-tourn"]
[EventRounds "11"]
[EventCountry "FRA"]
[SourceTitle "EXT 2008"]
[Source "ChessBase"]
[SourceDate "2007.11.25"]
[SourceVersion "1"]
[SourceVersionDate "2007.11.25"]
[SourceQuality "1"]
[WhiteTeam "Bois Colombes"]
[BlackTeam "Nantes"]
[WhiteTeamCountry "FRA"]
[BlackTeamCountry "FRA"]

1. e4 Nf6 2. Nc3 e5 3. Nf3 Bb4 4. Bc4 d6 5. 0-0 0-0 6. d3 c6 7. a3 Ba5 8. h3 Qe7 9. Ne2 d5 10. exd5 cxd5 11. Ba2 h6 12. Bd2 Bxd2 13. Qxd2 Bf5 14. Rfe1 Nbd7 15. Ng3 Bh7 16. Nd4 Rfe8 17. Nb5 Rec8 18. c4 a6 19. Nc3 d4 20. Nce2 Qd6 21. b4 b6 22. Bb3 Nf8 23. Rf1 g5 24. f3 Ne6 25. Ne4 Qe7 26. h4 Ne8 27. hxg5 hxg5 28. c5 Bxe4 29. fxe4 bxc5 30. Rf5 N8g7 31. Rxe5 Rab8 32. Bxe6 Nxe6 33. Ng3 cxb4 34. Nf5 Qf6 35. Ra5 b3 36. Rxa6 Rc2 37. Qa5 b2 38. Rb1 Rbc8 39. Ra8 1/2-1/2

[Event "FRA-chT1A 0607"]
[Site "France"]
[Date "2006.11.06"]
[Round "3.4"]
[White "Geenen, Marc"]
[Black "Delaunay, Sebastien"]
[Result "1/2-1/2"]
[WhiteElo "2318"]
[BlackElo "2346"]
[PlyCount "97"]
[EventDate "2006.10.15"]
[EventType "team-tourn"]
[EventRounds "11"]
[EventCountry "FRA"]
[SourceTitle "EXT 2008"]
[Source "ChessBase"]
[SourceDate "2007.11.25"]
[SourceVersion "1"]
[SourceVersionDate "2007.11.25"]
[SourceQuality "1"]
[WhiteTeam "Deauville"]
[BlackTeam "Nantes"]
[WhiteTeamCountry "FRA"]
[BlackTeamCountry "FRA"]

1. e4 Nf6 2. e5 Nd5 3. d4 d6 4. Nf3 c6 5. c4 Nc7 6. Nc3 Bg4 7. h3 Bh5 8. g4 Bg6 9. Qb3 Qc8 10. Nh4 dxe5 11. dxe5 Nd7 12. f4 e6 13. Be3 Na6 14. Nxg6 hxg6 15. Ne4 Nac5 16. Nxc5 Nxc5 17. Qc2 a5 18. 0-0-0 Qc7 19. Rh2 Rd8 20. Rxd8+ Kxd8 21. Rd2+ Kc8 22. Bg2 Be7 23. Qc3 Rd8 24. Kc2 Rxd2+ 25. Bxd2 b6 26. Qf3 Kb7 27. f5 gxf5 28. gxf5 exf5 29. Qxf5 Bf8 30. Bc3 Ne6 31. h4 Bb4 32. Bh3 Bxc3 33. Kxc3 Qe7 34. a3 Nc5 35. b3 g6 36. Qf4 f5 37. exf6 Qe1+ 38. Kc2 Qe2+ 39. Qd2 Qe4+ 40. Kb2 Qxh4 41. Qc3 Ne4 42. f7 Qf2+ 43. Qc2 Qf6+ 44. Kb1 Nd6 45. f8Q Qxf8 46. Qxg6 Qe7 47. Qe6 Qh7+ 48. Kb2 Qg7+ 49. Kc2 1/2-1/2